Σύγχρονα πολιτικά συστήματα : Ευρώπη
Saved in:
| Main Author: | |
|---|---|
| Format: | Book |
| Language: | Greek |
| Published: |
Αθήνα :
Παπαζήσης,
1981
|
| Edition: | 4η έκδ. |
| Series: | Βιβλιοθήκη πολιτικής επιστήμης
|
| Subjects: | |
| Tags: |
Add Tag
No Tags, Be the first to tag this record!
|
MARC
| LEADER | 00000nam a2200000 i 4500 | ||
|---|---|---|---|
| 001 | 1/41439 | ||
| 008 | 960409s1981 gre d | ||
| 035 | |l 10025411 | ||
| 040 | |a GR-MY-UA |b gre |e aacr | ||
| 041 | 0 | |a gre | |
| 082 | 0 | |a 320.94 |2 (21) | |
| 100 | 1 | |a Μακρίδης, Ρόης Κ. | |
| 245 | 1 | 0 | |a Σύγχρονα πολιτικά συστήματα : |b Ευρώπη / |c Roy C. Macridis |
| 250 | |a 4η έκδ. | ||
| 260 | |a Αθήνα : |b Παπαζήσης, |c 1981 | ||
| 300 | |a 542 σ. | ||
| 490 | 1 | |a Βιβλιοθήκη πολιτικής επιστήμης | |
| 504 | |a Περιέχει βιβλιογραφικές παραπομπές | ||
| 650 | 0 | 0 | |a Comparative government. |
| 651 | 0 | |a Europe |x Politics and government. | |
| 830 | 0 | |a Βιβλιοθήκη πολιτικής επιστήμης | |
| 852 | |a INST |b CHIOS |e 19960409 |h 320.3094 ΜΑΚ |p 005200006096 |q 005200006096 |t BK |y 0 |z τ.1 | ||
| 852 | |a INST |b CHIOS |e 19960409 |h 320.3094 ΜΑΚ |p 005200006096 |q 005200006096 |t BK |v τ.1: |y 0 |z τ.1 | ||
| 852 | |a INST |b LESVOS |e 19961202 |h 320.94 ΜΑΚ |p 005100012352 |q 005100012352 |t BK |y 0 |z τ.1 | ||
| 852 | |a INST |b LESVOS |e 19961202 |h 320.94 ΜΑΚ |p 005100012352 |q 005100012352 |t BK |v τ.1: |y 0 |z τ.1 | ||
| 853 | |a INST |b CHIOS |h 320.3094 ΜΑΚ | ||
| 853 | |a INST |b LESVOS |h 320.94 ΜΑΚ | ||
| 909 | |a Λ |b 011155 | ||
| 909 | |a Χ |b 000488 | ||